书目信息 |
| 题名: |
大气辐射导论
|
|
| 作者: | 廖国男 著 ;周诗健 , 阮忠永 , 陶丽君 , 朱文琴 译 | |
| 分册: | ||
| 出版信息: | 北京 气象出版社 1985 |
|
| 页数: | 428页 | |
| 开本: | 19cm | |
| 丛书名: | ||
| 单 册: | ||
| 中图分类: | P422 | |
| 科图分类: | ||
| 主题词: | 辐射-大气散射 , 大气散射-辐射 , 气象要素 , 大气现象 | |
| 电子资源: | ||
| ISBN: | ||
| 000 | 01041nam0 2200361 45 | |
| 001 | 0185010066 | |
| 005 | 20040521152121.5 | |
| 010 | @dCNY3.50 | |
| 091 | @a13194.0193 | |
| 100 | @a19900904d1985 emky0chiy0121 ea | |
| 101 | 1 | @achi@ceng |
| 102 | @aCN@b110000 | |
| 105 | @ay z 000yy | |
| 106 | @ar | |
| 200 | 10 | @a大气辐射导论@Ada qi fu she dao lun@f(美)廖国男著@g周诗健等译 |
| 210 | @a北京@c气象出版社@d1985 | |
| 215 | @a428页@d19cm | |
| 300 | @a书名原文: An introduction to atmospheric radiation. | |
| 300 | @a根据1980年英文版译出 | |
| 510 | 1 | @aAn introduction to atmospheric radiation@zeng |
| 606 | @a辐射-大气散射 | |
| 606 | @a大气散射-辐射 | |
| 606 | 0 | @a气象要素 |
| 606 | 0 | @a大气现象 |
| 690 | @aP422 | |
| 701 | 1 | @a廖国男@Aliao guo nan@4著 |
| 702 | 0 | @a周诗健@Azhou shi jian@4译 |
| 702 | 0 | @a阮忠永@Aruan zhong yong@4译 |
| 702 | 0 | @a陶丽君@Atao li jun@4译 |
| 702 | 0 | @a朱文琴@Azhu wen qin@4译 |
| 801 | 0 | @aCN@b深圳图书馆@c20040521 |
| 801 | 2 | @aCN@bNLC@c20040521 |
| 905 | @f1@b149138@dP422@e19 | |
| 大气辐射导论/(美)廖国男著/周诗健等译.-北京:气象出版社,1985 |
| 428页;19cm |
| 书名原文: An introduction to atmospheric radiation.-根据1980年英文版译出 |
| ISBN :CNY3.50 |
| ● |
| 相关链接 |
|
|
|
|
正题名:大气辐射导论
索取号:P422/19
 
预约/预借
| 序号 | 登录号 | 条形码 | 馆藏地/架位号 | 状态 | 备注 |
| 1 | 0149138 | 000626978 | 第三借阅区/ [索取号:P422/19] | 在馆 | |
| 2 | 0149139 | 202106256 | 第二样本阅览室/ [索取号:P422/19] | 在馆 |